Analyzing multivariate data / (Record no. 13836)
[ view plain ]
| 000 -LEADER | |
|---|---|
| fixed length control field | 00447cam a2200169 i 4500 |
| 020 ## - INTERNATIONAL STANDARD BOOK NUMBER | |
| ISBN | 003020786X |
| 040 ## - CATALOGING SOURCE | |
| Transcribing agency | DLC |
| 082 00 - DEWEY DECIMAL CLASSIFICATION NUMBER | |
| Classification number | 519 DRY 1978 A024 Or. |
| 100 1# - MAIN ENTRY--AUTHOR NAME | |
| Personal name | Green, Paul E. |
| 245 10 - TITLE STATEMENT | |
| Title | Analyzing multivariate data / |
| 260 ## - PUBLICATION, DISTRIBUTION, ETC. (IMPRINT) | |
| Place of publication | Hinsdale, Ill. : |
| Name of publisher | Dryden Press, |
| Year of publication | c1978. |
| 300 ## - PHYSICAL DESCRIPTION | |
| Number of Pages | xvi, 519 p. : |
| Other physical details | ill. ; |
| Dimensions | 25 cm. |
| 500 ## - GENERAL NOTE | |
| General note | Includes index. |
| 650 #0 - SUBJECT ADDED ENTRY--TOPICAL TERM | |
| Topical Term | Multivariate analysis. |
| 700 1# - ADDED ENTRY--PERSONAL NAME | |
| Personal name | Carroll, J. Douglas. |
| 942 ## - ADDED ENTRY ELEMENTS (KOHA) | |
| Koha item type | សៀវភៅភាសាអង់គ្លេស |
| 952 ## - LOCATION AND ITEM INFORMATION (KOHA) | |
| Withdrawn status [LOCAL, KOHA] | 0 |
| Permanent Location | Date acquired | Koha item type | Lost status | Shelving location | Barcode | Current Location | Full call number |
|---|---|---|---|---|---|---|---|
| Library Block A | 2017-08-31 | សៀវភៅភាសាអង់គ្លេស | A057 | A15595 | Library Block A | 519 DRY 1978 A057 Or. |